[Event "Arandjelovac op 2nd"]
[Site "Arandjelovac"]
[Date "2023.08.06"]
[Round "9"]
[White "Akshit, Kumar J"]
[Black "Kutirov, Rolando"]
[Result "1/2-1/2"]
[WhiteElo "2169"]
[BlackElo "2292"]
[PlyCount "61"]
[EventDate "2023.07.31"]
[EventType "swiss"]
[EventRounds "9"]
[EventCountry "SRB"]
[SourceTitle "CBM 215 Extra"]
[Source "ChessBase"]
[SourceDate "2023.09.30"]
[SourceVersion "1"]
[SourceVersionDate "2023.09.30"]
[SourceQuality "1"]

1. e4 c6 2. Nc3 d5 3. Nf3 dxe4 4. Nxe4 Nf6 5. Qe2 Nxe4 6. Qxe4 Qd5 7. Qf4 Qf5 8. d3 Qxf4 9. Bxf4 Nd7 10. 0-0-0 Nf6 11. g3 Bg4 12. Bg2 e6 13. Rde1 Bxf3 14. Bxf3 Be7 15. d4 0-0 16. c3 Rfd8 17. h4 Rac8 18. h5 b5 19. h6 g6 20. Be2 Nd5 21. Bd2 c5 22. dxc5 Rxc5 23. a3 a6 24. Rd1 Bf6 25. Kc2 Rb8 26. Rhe1 b4 27. axb4 Nxb4+ 28. Kb1 Nd5 29. Kc2 Nb4+ 30. Kb1 Nd5 31. Kc2 1/2-1/2

[Event "Arandjelovac op 2nd"]
[Site "Arandjelovac"]
[Date "2023.08.05"]
[Round "8"]
[White "Kutirov, Rolando"]
[Black "Srdanovic, Jovana"]
[Result "1/2-1/2"]
[WhiteElo "2292"]
[BlackElo "2090"]
[PlyCount "86"]
[EventDate "2023.07.31"]
[EventType "swiss"]
[EventRounds "9"]
[EventCountry "SRB"]
[SourceTitle "CBM 215 Extra"]
[Source "ChessBase"]
[SourceDate "2023.09.30"]
[SourceVersion "1"]
[SourceVersionDate "2023.09.30"]
[SourceQuality "1"]

1. d4 d5 2. Bf4 Nf6 3. e3 c5 4. c3 Nc6 5. Nd2 Bf5 6. Ngf3 e6 7. Ne5 Qb6 8. Qb3 c4 9. Qxb6 axb6 10. Be2 h6 11. 0-0 b5 12. a3 Be7 13. Rfe1 Nd7 14. g4 Bh7 15. Nxd7 Kxd7 16. Bf3 Bd6 17. Bxd6 Kxd6 18. e4 g5 19. Kg2 Ne7 20. exd5 exd5 21. Rxe7 Kxe7 22. Bxd5 Kd6 23. Bxb7 Ra7 24. Be4 Bxe4+ 25. Nxe4+ Kd5 26. Re1 Re7 27. f3 Re6 28. h3 Rf8 29. Rf1 f5 30. Ng3 fxg4 31. hxg4 Re3 32. Rf2 Re1 33. Nh5 Kc6 34. Ng3 Rfe8 35. Rd2 Kd5 36. Kf2 Rb1 37. Ne4 Re6 38. Kg3 Rg1+ 39. Kf2 Rh1 40. Kg2 Rb1 41. Kg3 Rg1+ 42. Kf2 Rh1 43. Kg2 Rb1 1/2-1/2

[Event "Arandjelovac op 2nd"]
[Site "Arandjelovac"]
[Date "2023.08.02"]
[Round "4"]
[White "Kutirov, Rolando"]
[Black "Lortkipanidze, Nodar"]
[Result "1/2-1/2"]
[WhiteElo "2292"]
[BlackElo "2382"]
[PlyCount "47"]
[EventDate "2023.07.31"]
[EventType "swiss"]
[EventRounds "9"]
[EventCountry "SRB"]
[SourceTitle "CBM 215 Extra"]
[Source "ChessBase"]
[SourceDate "2023.09.30"]
[SourceVersion "1"]
[SourceVersionDate "2023.09.30"]
[SourceQuality "1"]

1. d4 e6 2. Bf4 c5 3. e3 Qb6 4. Nc3 Nf6 5. Nf3 d5 6. Nb5 Na6 7. a4 c4 8. b3 Bd7 9. c3 Qa5 10. Nd2 cxb3 11. Nxb3 Qb6 12. Bd3 Be7 13. 0-0 0-0 14. Qe2 Bxb5 15. axb5 Nc7 16. Na5 Nce8 17. c4 dxc4 18. Nxc4 Qd8 19. Qf3 Nd5 20. Bg3 Nd6 21. Bxd6 Bxd6 22. Be4 Bc7 23. g3 Qd7 24. Rfb1 1/2-1/2

[Event "Arandjelovac op 2nd"]
[Site "Arandjelovac"]
[Date "2023.08.01"]
[Round "3"]
[White "Pavicevic, Jovan R"]
[Black "Kutirov, Rolando"]
[Result "0-1"]
[WhiteElo "2208"]
[BlackElo "2292"]
[PlyCount "94"]
[EventDate "2023.07.31"]
[EventType "swiss"]
[EventRounds "9"]
[EventCountry "SRB"]
[SourceTitle "CBM 215 Extra"]
[Source "ChessBase"]
[SourceDate "2023.09.30"]
[SourceVersion "1"]
[SourceVersionDate "2023.09.30"]
[SourceQuality "1"]

1. e4 c6 2. d4 d5 3. e5 Bf5 4. c3 e6 5. Be3 Qb6 6. Qc1 c5 7. Nf3 Nc6 8. Nbd2 cxd4 9. Nxd4 Nxd4 10. Bxd4 Bc5 11. Nb3 Bxd4 12. Nxd4 Ne7 13. Bb5+ Kf8 14. Nxf5 exf5 15. Bd3 h6 16. 0-0 g6 17. Re1 Re8 18. h4 Kg7 19. Qc2 Nc6 20. Qb3 Qxb3 21. axb3 Rxe5 22. Bb5 Rxe1+ 23. Rxe1 Rc8 24. Kf1 Kf6 25. Ra1 a6 26. Bxc6 Rxc6 27. Ke2 Re6+ 28. Kf3 Re4 29. g3 g5 30. hxg5+ hxg5 31. Ra5 Ke6 32. b4 g4+ 33. Kg2 Rc4 34. Kf1 d4 35. Ra3 Kd5 36. Ke2 Ke4 37. b5 axb5 38. Rb3 b4 39. cxd4 Kxd4 40. Kd2 Kc5 41. Re3 Re4 42. Rd3 Rd4 43. b3 Kd5 44. Ke3 Rxd3+ 45. Kxd3 f6 46. Ke3 Ke5 47. f4+ gxf3 0-1

[Event "Skopje op"]
[Site "Skopje"]
[Date "2019.12.09"]
[Round "6"]
[White "Eftovski, Sasho"]
[Black "Kutirov, Rolando"]
[Result "0-1"]
[WhiteElo "2068"]
[BlackElo "2308"]
[PlyCount "103"]
[EventDate "2019.12.06"]
[EventType "swiss"]
[EventRounds "9"]
[EventCountry "MKD"]
[SourceTitle "CBM 193 Extra"]
[Source "ChessBase"]
[SourceDate "2020.01.31"]
[SourceVersion "1"]
[SourceVersionDate "2020.01.31"]
[SourceQuality "1"]

1. d4 Nf6 2. c4 c5 3. d5 b5 4. cxb5 a6 5. b6 Qxb6 6. Nc3 g6 7. e4 d6 8. f4 Bg7 9. Nf3 0-0 10. Bc4 Nbd7 11. Qe2 Qc7 12. 0-0 Nb6 13. Bb3 Nfd7 14. Kh1 a5 15. Nb5 Qb8 16. a4 Ba6 17. Be3 Rc8 18. Rab1 c4 19. Bc2 Nxa4 20. Bxa4 Bxb5 21. Bxb5 Qxb5 22. Nd4 Qb7 23. Nc6 Nb8 24. Nd4 Na6 25. Rfc1 Nb4 26. Rxc4 Rxc4 27. Qxc4 Rc8 28. Qb3 Qa6 29. h3 Bxd4 30. Bxd4 Qd3 31. Qxd3 Nxd3 32. Rf1 Rc4 33. Bc3 Rxe4 34. f5 a4 35. f6 Kf8 36. fxe7+ Kxe7 37. Kh2 f5 38. Rd1 Nc5 39. Kg3 a3 40. Kf3 Na4 41. Bg7 axb2 42. Rb1 Kf7 43. Bh8 Rc4 44. Bxb2 Rb4 45. Ra1 Nxb2 46. Ra7+ Kf6 47. Rxh7 Nd3 48. h4 Ne5+ 49. Kg3 f4+ 50. Kh3 Rb3+ 51. g3 Rxg3+ 52. Kh2 0-1

[Event "Skopje op"]
[Site "Skopje"]
[Date "2019.12.06"]
[Round "1"]
[White "Kutirov, Rolando"]
[Black "Spasov, Aleksandar"]
[Result "1-0"]
[WhiteElo "2308"]
[BlackElo "1744"]
[PlyCount "87"]
[EventDate "2019.12.06"]
[EventType "swiss"]
[EventRounds "9"]
[EventCountry "MKD"]
[SourceTitle "CBM 193 Extra"]
[Source "ChessBase"]
[SourceDate "2020.01.31"]
[SourceVersion "1"]
[SourceVersionDate "2020.01.31"]
[SourceQuality "1"]

1. d4 Nf6 2. Nf3 e6 3. g3 b6 4. Bg2 Bb7 5. 0-0 c5 6. c4 cxd4 7. Nxd4 Bxg2 8. Kxg2 Be7 9. b3 0-0 10. Bb2 Nc6 11. Nxc6 dxc6 12. Qc2 Qc7 13. Nd2 Rfd8 14. Rad1 Rd7 15. Nf3 Rad8 16. Ne5 Rd6 17. f3 Rxd1 18. Rxd1 Rxd1 19. Qxd1 Bd6 20. Nd3 Be7 21. Qa1 Qd7 22. a4 Nh5 23. g4 Nf6 24. Qc1 h5 25. h3 hxg4 26. hxg4 Bd8 27. Qe3 Bc7 28. b4 Qd6 29. Be5 Qe7 30. b5 Bxe5 31. Nxe5 cxb5 32. axb5 Qc7 33. Qd4 Kf8 34. Qf4 Ke8 35. Qh2 Ng8 36. Qh5 g6 37. Qh8 Kf8 38. g5 Qd8 39. Qh4 Qd2 40. Kf2 Kg7 41. Nc6 Qd7 42. Qf4 Ne7 43. Qf6+ Kf8 44. Nxe7 1-0

[Event "FRM-chT"]
[Site "Ohrid"]
[Date "2019.07.27"]
[Round "6.2"]
[White "Drnovsek, Gal"]
[Black "Kutirov, Rolando"]
[Result "1-0"]
[WhiteElo "2385"]
[BlackElo "2316"]
[PlyCount "71"]
[EventDate "2019.07.22"]
[EventType "team-tourn"]
[EventRounds "7"]
[EventCountry "MKD"]
[SourceTitle "EXT 2020"]
[Source "ChessBase"]
[SourceDate "2019.10.17"]
[SourceVersion "1"]
[SourceVersionDate "2019.10.17"]
[SourceQuality "1"]
[WhiteTeam "Gostivar"]
[BlackTeam "Skopje Kisela Voda"]
[WhiteTeamCountry "MKD"]
[BlackTeamCountry "MKD"]

1. c4 c6 2. d4 d5 3. Nc3 Nf6 4. cxd5 cxd5 5. Bf4 Nc6 6. e3 a6 7. Bd3 Bg4 8. Nge2 Bxe2 9. Qxe2 e6 10. 0-0 Be7 11. Rac1 0-0 12. a3 Rc8 13. Na4 Nd7 14. b4 a5 15. b5 Na7 16. Qb2 Nb6 17. Nc5 Nc4 18. Bxc4 dxc4 19. b6 Bxc5 20. dxc5 Nc6 21. Bd6 Re8 22. f4 f6 23. Qe2 Qd7 24. Qxc4 Qf7 25. Qe4 e5 26. f5 Red8 27. Rfd1 Rd7 28. Bc7 Re8 29. Rd6 h6 30. h3 Kh7 31. Kh2 Kg8 32. Rcd1 Rde7 33. Rxc6 bxc6 34. Qxc6 Kh7 35. Bd6 Rb7 36. Bc7 1-0

[Event "FRM-chT"]
[Site "Ohrid"]
[Date "2019.07.25"]
[Round "4.2"]
[White "Stoinev, Metodi"]
[Black "Kutirov, Rolando"]
[Result "1-0"]
[WhiteElo "2183"]
[BlackElo "2316"]
[PlyCount "99"]
[EventDate "2019.07.22"]
[EventType "team-tourn"]
[EventRounds "7"]
[EventCountry "MKD"]
[SourceTitle "EXT 2020"]
[Source "ChessBase"]
[SourceDate "2019.10.17"]
[SourceVersion "1"]
[SourceVersionDate "2019.10.17"]
[SourceQuality "1"]
[WhiteTeam "Kumanovo"]
[BlackTeam "Skopje Kisela Voda"]
[WhiteTeamCountry "MKD"]
[BlackTeamCountry "MKD"]

1. e4 c6 2. Nc3 d5 3. Nf3 dxe4 4. Nxe4 Nf6 5. Qe2 Nxe4 6. Qxe4 Nd7 7. Bc4 Nf6 8. Ne5 e6 9. Qe2 Be7 10. 0-0 0-0 11. Re1 Nd5 12. d4 Bd7 13. Bb3 Be8 14. c4 Nf6 15. Be3 Nd7 16. Bc2 Nxe5 17. dxe5 Bd7 18. Red1 g6 19. Bh6 Re8 20. Qd2 Qb6 21. Be3 Qa6 22. c5 Rad8 23. Qc3 b6 24. Bd3 Qb7 25. b4 Bc8 26. cxb6 axb6 27. Be4 Rd5 28. Bxd5 exd5 29. a4 Be6 30. a5 c5 31. bxc5 bxc5 32. a6 Qa7 33. Qd2 d4 34. Bg5 Bxg5 35. Qxg5 c4 36. Qh4 d3 37. Qe4 Re7 38. Rdb1 d2 39. Qc2 Bf5 40. Qxd2 Bxb1 41. Qd8+ Kg7 42. Rxb1 Rxe5 43. h3 Qxa6 44. Rb8 Qa1+ 45. Kh2 Re1 46. Qf8+ Kf6 47. Rb6+ Kg5 48. f4+ Kxf4 49. Qxf7+ Ke3 50. Re6+ 1-0

[Event "FRM-chT"]
[Site "Ohrid"]
[Date "2019.07.23"]
[Round "2.2"]
[White "Kutirov, Rolando"]
[Black "Zlatanovic, Boroljub"]
[Result "1/2-1/2"]
[WhiteElo "2316"]
[BlackElo "2371"]
[PlyCount "129"]
[EventDate "2019.07.22"]
[EventType "team-tourn"]
[EventRounds "7"]
[EventCountry "MKD"]
[SourceTitle "EXT 2020"]
[Source "ChessBase"]
[SourceDate "2019.10.17"]
[SourceVersion "1"]
[SourceVersionDate "2019.10.17"]
[SourceQuality "1"]
[WhiteTeam "Skopje Kisela Voda"]
[BlackTeam "Prilep"]
[WhiteTeamCountry "MKD"]
[BlackTeamCountry "MKD"]

1. Nf3 g6 2. d4 Bg7 3. e4 d6 4. Be2 Nf6 5. Nbd2 Bg4 6. 0-0 0-0 7. c3 Nbd7 8. h3 Bxf3 9. Bxf3 c6 10. Qc2 Qc7 11. Re1 e5 12. dxe5 dxe5 13. a4 Bh6 14. Nc4 Bxc1 15. Raxc1 Nb6 16. Ne3 a5 17. Rcd1 Rfd8 18. Be2 Rxd1 19. Rxd1 Rd8 20. Rxd8+ Qxd8 21. Nc4 Nxc4 22. Bxc4 Qb6 23. g3 Kg7 24. Kg2 Qc5 25. Ba2 Ne8 26. Kf3 b5 27. axb5 cxb5 28. Qd3 Nd6 29. Qd5 Qxd5 30. Bxd5 Kf8 31. Ke3 Ke7 32. Kd3 Kd7 33. c4 bxc4+ 34. Bxc4 Kc6 35. Ba2 Kc5 36. h4 f6 37. f3 h6 38. Bb3 g5 39. Be6 Nb5 40. Bb3 Nd4 41. Bd1 gxh4 42. gxh4 Ne6 43. Bb3 Nf4+ 44. Ke3 Kd6 45. Bc4 Kc5 46. Bf7 Kb4 47. Kd2 Ng2 48. Ke2 Nf4+ 49. Kd2 Kb5 50. Ke3 Kc5 51. Bb3 Kd6 52. Bc4 Kc6 53. Bf7 Kd7 54. Bc4 Ke7 55. Kf2 f5 56. exf5 Kf6 57. Kg3 Kxf5 58. Kf2 Kf6 59. Kg3 Nh5+ 60. Kg4 Ng7 61. Bd3 Ne6 62. Bc4 Nf4 63. Kg3 Ke7 64. Kg4 Kf6 65. Kg3 1/2-1/2

[Event "EU-ch rapid"]
[Site "Skopje"]
[Date "2018.12.08"]
[Round "3"]
[White "Stojanovski, Dejan"]
[Black "Kutirov, Rolando"]
[Result "1-0"]
[WhiteElo "2430"]
[BlackElo "2316"]
[PlyCount "59"]
[EventDate "2018.12.08"]
[EventType "swiss (rapid)"]
[EventRounds "13"]
[EventCountry "MKD"]
[SourceTitle "CBM 187 Extra"]
[Source "ChessBase"]
[SourceDate "2018.11.04"]
[SourceVersion "1"]
[SourceVersionDate "2018.11.04"]
[SourceQuality "1"]

1. d4 d5 2. Bf4 Nf6 3. e3 e6 4. Nd2 c5 5. c3 Nc6 6. Ngf3 Be7 7. h3 0-0 8. Bd3 b6 9. Qe2 Bb7 10. 0-0 h6 11. Rfd1 Bd6 12. Bxd6 Qxd6 13. dxc5 Qxc5 14. e4 Rad8 15. Nb3 Qe7 16. e5 Nd7 17. Nbd4 Nc5 18. Nxc6 Bxc6 19. Nd4 Bb7 20. Bc2 f6 21. Re1 Ne4 22. exf6 Qxf6 23. f3 e5 24. fxe4 exd4 25. e5 d3 26. Qxd3 Qf2+ 27. Kh1 d4 28. Qh7+ Kf7 29. e6+ Ke7 30. Qxg7+ 1-0

[Event "EU-ch blitz"]
[Site "Skopje"]
[Date "2018.12.06"]
[Round "3"]
[White "Georgiev, Kiril"]
[Black "Kutirov, Rolando"]
[Result "1-0"]
[WhiteElo "2595"]
[BlackElo "2316"]
[PlyCount "97"]
[EventDate "2018.12.06"]
[EventType "swiss (blitz)"]
[EventRounds "22"]
[EventCountry "MKD"]
[SourceTitle "CBM 187 Extra"]
[Source "ChessBase"]
[SourceDate "2018.11.04"]
[SourceVersion "1"]
[SourceVersionDate "2018.11.04"]
[SourceQuality "1"]

1. d4 d5 2. Nf3 Nf6 3. Bf4 c5 4. e3 Nc6 5. c3 Bg4 6. Nbd2 Bxf3 7. Nxf3 e6 8. Qb3 Qb6 9. Qxb6 axb6 10. Bb5 Nd7 11. 0-0 Be7 12. a4 0-0 13. Rfd1 Rfc8 14. g4 h6 15. h4 Nf6 16. g5 hxg5 17. hxg5 Ne4 18. Kg2 Bd6 19. Rh1 Bxf4 20. exf4 Nd6 21. Bxc6 bxc6 22. Ne5 cxd4 23. cxd4 g6 24. b3 Kf8 25. Nd7+ Ke7 26. Nxb6 Nf5 27. Rhd1 Rcb8 28. Nxa8 Rxa8 29. a5 Ra6 30. b4 Nd6 31. Kf3 Nb5 32. Ke3 Ra8 33. Rac1 Kd6 34. Rh1 Ra7 35. Rh8 Na3 36. Rc8 Nc4+ 37. Kd3 Nb2+ 38. Kc3 Nc4 39. Rh1 Rb7 40. Rhh8 Na3 41. Rhd8+ Ke7 42. Rb8 Nb5+ 43. Kd3 Rc7 44. Re8+ Kd6 45. Rbd8+ Rd7 46. Rxd7+ Kxd7 47. Rh8 Nd6 48. a6 Kc7 49. a7 1-0

[Event "FRM-chT"]
[Site "Struga"]
[Date "2018.08.16"]
[Round "6.1"]
[White "Saraci, Nderim"]
[Black "Kutirov, Rolando"]
[Result "1/2-1/2"]
[WhiteElo "2412"]
[BlackElo "2323"]
[PlyCount "71"]
[EventDate "2018.08.11"]
[EventType "team-tourn"]
[EventRounds "7"]
[EventCountry "MKD"]
[SourceTitle "CBM 186 Extra"]
[Source "ChessBase"]
[SourceDate "2018.08.24"]
[SourceVersion "1"]
[SourceVersionDate "2018.08.24"]
[SourceQuality "1"]
[WhiteTeam "Gostivar"]
[BlackTeam "Skopje Kisela Voda"]
[WhiteTeamCountry "MKD"]
[BlackTeamCountry "MKD"]

1. d4 d5 2. c4 c6 3. Nc3 Nf6 4. Nf3 e6 5. Bg5 h6 6. Bxf6 Qxf6 7. e3 Nd7 8. Bd3 g6 9. 0-0 Bg7 10. Rc1 0-0 11. e4 dxe4 12. Nxe4 Qf4 13. g3 Qc7 14. b4 e5 15. dxe5 Nxe5 16. Nxe5 Qxe5 17. c5 a5 18. Nd6 axb4 19. Bc4 Be6 20. Re1 Qf6 21. Qb3 Bxc4 22. Rxc4 b5 23. Rxb4 Qc3 24. Re7 Ra3 25. Qxc3 Rxc3 26. a4 Rxc5 27. axb5 cxb5 28. Rb7 Rd5 29. Nxb5 Rfd8 30. Rb3 Rf5 31. Kg2 Rd2 32. Rf3 Rxf3 33. Kxf3 Bf8 34. Rc7 Rd5 35. Nc3 Rc5 36. Rxc5 1/2-1/2

[Event "Skopje Alkaloid rap op"]
[Site "Skopje"]
[Date "2015.12.06"]
[Round "4"]
[White "Kutirov, Rolando"]
[Black "Drenchev, Petar"]
[Result "1/2-1/2"]
[WhiteElo "2323"]
[BlackElo "2480"]
[PlyCount "96"]
[EventDate "2015.12.06"]
[EventType "swiss (rapid)"]
[EventRounds "9"]
[EventCountry "MKD"]
[SourceTitle "CBM 169 Extra"]
[Source "ChessBase"]
[SourceDate "2015.12.18"]
[SourceVersion "1"]
[SourceVersionDate "2015.12.18"]
[SourceQuality "1"]

1. d4 Nf6 2. Nf3 g6 3. Bg5 Bg7 4. Nbd2 0-0 5. c3 d6 6. e4 c5 7. dxc5 dxc5 8. Be2 Nc6 9. 0-0 Qc7 10. Qc2 h6 11. Bh4 Nh5 12. Rfe1 b6 13. Nc4 Bb7 14. Nfd2 Nf4 15. Bf1 Rad8 16. Rad1 Rd7 17. Ne3 Rfd8 18. Ndc4 Rxd1 19. Rxd1 Rxd1 20. Qxd1 Ne5 21. f3 Nxc4 22. Nxc4 b5 23. Ne3 c4 24. Bf2 e6 25. a4 a6 26. axb5 axb5 27. g3 Nh5 28. Nc2 Nf6 29. Na3 Bc6 30. Nc2 g5 31. h3 Nh5 32. Kg2 Be5 33. Qe1 f5 34. exf5 exf5 35. Nd4 Bd7 36. Be2 Nf6 37. Bd1 f4 38. g4 Kf7 39. Bc2 Qd6 40. Qa1 Nd5 41. Nf5 Bxf5 42. Bxf5 Ne3+ 43. Bxe3 fxe3 44. Qa7+ Kf6 45. Qxe3 Bf4 46. Qf2 Qd2 47. Qxd2 Bxd2 48. Bd7 Bc1 1/2-1/2

[Event "Skopje Alkaloid rap op"]
[Site "Skopje"]
[Date "2015.12.06"]
[Round "5"]
[White "Kutirov, Rolando"]
[Black "Nedev, Trajce"]
[Result "0-1"]
[WhiteElo "2323"]
[BlackElo "2474"]
[PlyCount "57"]
[EventDate "2015.12.06"]
[EventType "swiss (rapid)"]
[EventRounds "9"]
[EventCountry "MKD"]
[SourceTitle "CBM 169 Extra"]
[Source "ChessBase"]
[SourceDate "2015.12.18"]
[SourceVersion "1"]
[SourceVersionDate "2015.12.18"]
[SourceQuality "1"]

1. d4 Nf6 2. Nf3 g6 3. Bg5 Bg7 4. Nbd2 0-0 5. c3 d6 6. e4 c5 7. dxc5 dxc5 8. Be2 Qc7 9. 0-0 Nc6 10. Re1 Rd8 11. Qc2 Nh5 12. Rad1 Nf4 13. Bf1 Bg4 14. h3 Be6 15. a4 h6 16. Bh4 Nh5 17. g4 Nf4 18. Bg3 g5 19. Kh2 Na5 20. b3 a6 21. Nc4 b5 22. Nxa5 Qxa5 23. axb5 axb5 24. b4 Qa4 25. Qxa4 bxa4 26. Rxd8+ Rxd8 27. Ra1 cxb4 28. Rxa4 bxc3 29. Ra1 0-1

[Event "FRM-chT 22nd"]
[Site "Struga"]
[Date "2013.08.01"]
[Round "4.2"]
[White "Kutirov, Rolando"]
[Black "Arnaudov, Petar G"]
[Result "1/2-1/2"]
[WhiteElo "2326"]
[BlackElo "2487"]
[PlyCount "74"]
[EventDate "2013.07.29"]
[EventType "team-tourn"]
[EventRounds "7"]
[EventCountry "MKD"]
[SourceTitle "CBM 155 Extra"]
[Source "ChessBase"]
[SourceDate "2013.08.26"]
[SourceVersion "1"]
[SourceVersionDate "2013.08.26"]
[SourceQuality "1"]
[WhiteTeam "Skopje Kisela Voda"]
[BlackTeam "Skopje Gambit Asseko"]
[WhiteTeamCountry "MKD"]
[BlackTeamCountry "MKD"]

1. d4 Nf6 2. Bg5 Ne4 3. Bf4 e5 4. Bxe5 Nc6 5. Nd2 d5 6. Nxe4 dxe4 7. Bf4 Qxd4 8. Qxd4 Nxd4 9. 0-0-0 Ne6 10. Bd2 Bd7 11. e3 Bd6 12. Ne2 0-0-0 13. Ng3 Bxg3 14. hxg3 Ng5 15. Be2 f6 16. Bc3 h6 17. b3 Be6 18. a4 c5 19. Rxd8+ Rxd8 20. Rd1 Rxd1+ 21. Kxd1 Kc7 22. Kd2 b6 23. Bh5 a5 24. Bb2 Kd6 25. c4 Bf7 26. Bg4 h5 27. Bd1 Ke7 28. Ke1 g6 29. Bc3 Be6 30. f3 Bf5 31. Kf2 Nf7 32. g4 hxg4 33. fxg4 Bd7 34. Kg3 g5 35. Be2 Nd6 36. Bd1 Ke6 37. Be2 Be8 1/2-1/2

[Event "FRM-chT 22nd"]
[Site "Struga"]
[Date "2013.07.29"]
[Round "1.2"]
[White "Ilic, Zoran"]
[Black "Kutirov, Rolando"]
[Result "1/2-1/2"]
[WhiteElo "2270"]
[BlackElo "2326"]
[PlyCount "20"]
[EventDate "2013.07.29"]
[EventType "team-tourn"]
[EventRounds "7"]
[EventCountry "MKD"]
[SourceTitle "CBM 155 Extra"]
[Source "ChessBase"]
[SourceDate "2013.08.26"]
[SourceVersion "1"]
[SourceVersionDate "2013.08.26"]
[SourceQuality "1"]
[WhiteTeam "Kumanovo"]
[BlackTeam "Skopje Kisela Voda"]
[WhiteTeamCountry "MKD"]
[BlackTeamCountry "MKD"]

1. e4 c6 2. d4 d5 3. Nc3 dxe4 4. Nxe4 Nf6 5. Ng3 h5 6. Bc4 h4 7. N3e2 h3 8. Nxh3 Bxh3 9. gxh3 Rxh3 10. Bf4 e6 1/2-1/2

[Event "Ischia op 4th"]
[Site "Ischia"]
[Date "2012.07.27"]
[Round "5"]
[White "Kutirov, Rolando"]
[Black "Hristodorescu, Daniel"]
[Result "0-1"]
[WhiteElo "2324"]
[BlackElo "2229"]
[PlyCount "67"]
[EventDate "2012.07.22"]
[EventType "swiss"]
[EventRounds "7"]
[EventCountry "ITA"]
[SourceTitle "EXT 2014"]
[Source "ChessBase"]
[SourceDate "2013.11.20"]
[SourceVersion "1"]
[SourceVersionDate "2013.11.20"]
[SourceQuality "1"]

1. d4 Nf6 2. Nf3 g6 3. c4 Bg7 4. g3 0-0 5. Bg2 d6 6. 0-0 c6 7. Nc3 Bf5 8. Nh4 Bd7 9. b3 Qc8 10. Bb2 Bh3 11. e4 Bxg2 12. Kxg2 c5 13. Nf3 Re8 14. Re1 cxd4 15. Qxd4 Nc6 16. Qd2 Nd7 17. Rad1 b6 18. Nd5 Bxb2 19. Qxb2 Qb7 20. h4 Nce5 21. Nxe5 dxe5 22. h5 e6 23. Ne3 gxh5 24. f3 Qc7 25. Rh1 Nf6 26. f4 Nxe4 27. Rxh5 exf4 28. Ng4 f3+ 29. Kf1 Nxg3+ 30. Kf2 Nxh5 31. Rg1 Kf8 32. Qd2 Qf4 33. Qb4+ Re7 34. Qc3 0-1

[Event "Ischia op 4th"]
[Site "Ischia"]
[Date "2012.07.26"]
[Round "4"]
[White "Kutirov, Rolando"]
[Black "Auletta, Angelo"]
[Result "1-0"]
[WhiteElo "2324"]
[BlackElo "2203"]
[PlyCount "83"]
[EventDate "2012.07.22"]
[EventType "swiss"]
[EventRounds "7"]
[EventCountry "ITA"]
[SourceTitle "EXT 2014"]
[Source "ChessBase"]
[SourceDate "2013.11.20"]
[SourceVersion "1"]
[SourceVersionDate "2013.11.20"]
[SourceQuality "1"]

1. d4 Nf6 2. c4 g6 3. Nf3 Bg7 4. g3 d5 5. cxd5 Nxd5 6. Bg2 Nb6 7. Nc3 Nc6 8. e3 0-0 9. 0-0 Re8 10. d5 Na5 11. Nd4 Bd7 12. e4 c6 13. Re1 e5 14. dxe6 Bxe6 15. Nxe6 Qxd1 16. Nxd1 Rxe6 17. Rb1 Nac4 18. b3 Ne5 19. Nb2 f5 20. f4 Ng4 21. e5 Bf8 22. Nd3 Rd8 23. Bf1 Nd5 24. h3 Nc3 25. Ra1 Nh6 26. Be3 Ne4 27. Kg2 b6 28. Rac1 Nf7 29. Nf2 Nxf2 30. Kxf2 Ba3 31. Rc2 c5 32. Bc4 Re7 33. Ree2 Kf8 34. Bd2 Rd4 35. Bc3 Rxc4 36. bxc4 Nd8 37. Red2 Ne6 38. Rd3 a6 39. Rd6 b5 40. Rxa6 b4 41. Ba1 Kf7 42. Rd2 1-0

[Event "Ischia op 4th"]
[Site "Ischia"]
[Date "2012.07.24"]
[Round "3"]
[White "Naumkin, Igor"]
[Black "Kutirov, Rolando"]
[Result "1-0"]
[WhiteElo "2463"]
[BlackElo "2324"]
[PlyCount "85"]
[EventDate "2012.07.22"]
[EventType "swiss"]
[EventRounds "7"]
[EventCountry "ITA"]
[SourceTitle "EXT 2014"]
[Source "ChessBase"]
[SourceDate "2013.11.20"]
[SourceVersion "1"]
[SourceVersionDate "2013.11.20"]
[SourceQuality "1"]

1. d4 d5 2. c4 c6 3. Nf3 Nf6 4. Nc3 e6 5. e3 Nbd7 6. Qc2 Bd6 7. Bd3 0-0 8. 0-0 dxc4 9. Bxc4 b5 10. Be2 Bb7 11. Rd1 Qb8 12. h3 Rc8 13. Ng5 Be7 14. Bh5 g6 15. Be2 b4 16. Na4 c5 17. b3 cxd4 18. Bc4 dxe3 19. Nxe6 exf2+ 20. Qxf2 Rxc4 21. Ng5 Bc6 22. bxc4 Bxa4 23. Re1 Bc5 24. Be3 Qb6 25. Bxc5 Qxc5 26. Qxc5 Nxc5 27. Re7 Be8 28. Rc7 Nfe4 29. Re1 Na6 30. Re7 Nf6 31. Rf1 Kf8 32. Rxf7+ Bxf7 33. Rxf6 h6 34. Rxf7+ Kg8 35. Rf6 Kg7 36. Rxa6 hxg5 37. c5 Kh6 38. Kf2 b3 39. axb3 Rb8 40. Ke3 Rxb3+ 41. Kd4 g4 42. c6 Rb2 43. Ra3 1-0

[Event "FRM-chT 20th"]
[Site "Struga"]
[Date "2011.08.14"]
[Round "7"]
[White "Kutirov, Rolando"]
[Black "Colovic, Aleksandar"]
[Result "0-1"]
[WhiteElo "2337"]
[BlackElo "2450"]
[PlyCount "98"]
[EventDate "2011.08.08"]
[EventType "team-tourn"]
[EventRounds "7"]
[EventCountry "MKD"]
[SourceTitle "CBM 143 Extra"]
[Source "ChessBase"]
[SourceDate "2011.08.29"]
[SourceVersion "1"]
[SourceVersionDate "2011.08.29"]
[SourceQuality "1"]
[WhiteTeam "Skopje Kisela Voda"]
[BlackTeam "Skopje Alkaloid"]
[WhiteTeamCountry "MKD"]
[BlackTeamCountry "MKD"]

1. c4 Nf6 2. g3 c6 3. Bg2 d5 4. Qa4 e6 5. Nf3 Nbd7 6. d3 Bd6 7. 0-0 0-0 8. Qc2 e5 9. cxd5 cxd5 10. h3 Nb6 11. e4 Bd7 12. Re1 Rc8 13. Qd1 d4 14. Nfd2 Bb5 15. Bf1 Qc7 16. b3 a5 17. Na3 Ba6 18. Ndc4 Bb4 19. Bd2 Qc5 20. Nc2 Bxd2 21. Qxd2 Bxc4 22. dxc4 Rfd8 23. Bd3 Ra8 24. Qe2 Qe7 25. a3 Nfd7 26. Reb1 Nc5 27. Ne1 Rdc8 28. Bc2 Qe6 29. Kg2 a4 30. b4 Nb3 31. c5 Nxa1 32. Rxa1 Nd7 33. Bb1 Qg6 34. Ba2 Nf6 35. f3 Nh5 36. Qf2 b6 37. Kh2 bxc5 38. Bd5 Ra7 39. Nd3 Re7 40. Rc1 Nf6 41. Bc4 Nd7 42. bxc5 Kh8 43. Bb5 Nxc5 44. Bxa4 Rec7 45. Nxe5 Qa6 46. Bc6 f6 47. Nf7+ Rxf7 48. Rxc5 Rxc6 49. Qxd4 Rf8 0-1